LEADER 01795nam a22003737a 4500
001 44221
003 BD-DhAAL
005 20250306173205.0
008 250306t2016 fr a|||| b||| 001 0 eng d
020 |a 9789231001321 
040 |a BD-DhAAL  |d BD-DhAAL 
082 |a 909.09767  |2 23 
100 |a Editors: Abdurahim Ali, Iba Der Thiam and Yusof A. Talib  |9 57556 
245 |a Islam in the world today.  |p Part II /  |c edited by Abdulrahim Ali, Iba Der Thiam and Yusof A. Talib. 
260 |a Paris, France :  |b UNESCO Publishing,  |c 2016. 
300 |a 544 pages :  |b illustrations, charts ;  |c 25 cm 
490 |a The different aspects of Islamic culture ;  |v v. 6 
504 |a Includes bibliographical references and index. 
505 |g Part II.  |t Islam and the Muslim world today. 
526 |a ENH  |x Dr. Nahid Afrose Kabir, Professor, English and Humanities Course name : Islam in the world (HST 405) 
541 |a R K Corporation  |e 44221 
651 |a Islamic countries  |x Civilization  |y 20th century.  |9 57921 
651 |a Islamic countries  |x Civilization  |y 21st century.  |9 57922 
651 |a Islamic countries  |x History  |y 20th century.  |9 57923 
651 |a Islamic countries  |x History  |y 21st century.  |9 57924 
651 |a Islamic countries  |x History.  |9 57914 
651 |a Islamic Empire. 
700 |a Ali, Abdulrahim.  |9 57907 
700 |a Thiam, Iba Der.  |9 57908 
700 |a Y. A. Talib,  |q (Yusof A. Talib)  |9 57909 
830 |a Different aspects of Islamic culture ;  |v v. 6. 
942 |2 ddc  |c BK 
999 |c 47232  |d 47232 
952 |0 0  |1 0  |2 ddc  |4 0  |6 909_097670000000000_ISL  |7 0  |9 77433  |a BRACUL  |b BRACUL  |c GEN  |d 2025-03-04  |e R K Corporation  |g 14750.00  |l 0  |o 909.09767 ISL  |p 3010044221  |r 2025-03-04  |t 1  |v 14750.00  |w 2025-03-04  |y BK  |x Requisitioned by Dr. Nahid Afrose Kabir for the course named- "Islam in the world (HST 405)".